[Event "Voronezh op-B 17th"]
[Site "Voronezh"]
[Date "2013.06.20"]
[Round "9"]
[White "Grachev, Andrey"]
[Black "Tkachenko, Evgeniy"]
[Result "1-0"]
[WhiteElo "2097"]
[BlackElo "2242"]
[PlyCount "57"]
[EventDate "2013.06.12"]
[EventType "swiss"]
[EventRounds "9"]
[EventCountry "RUS"]
[SourceTitle "EXT 2014"]
[Source "ChessBase"]
[SourceDate "2013.11.20"]
[SourceVersion "1"]
[SourceVersionDate "2013.11.20"]
[SourceQuality "1"]

1. e4 c5 2. Nf3 Nc6 3. d4 cxd4 4. Nxd4 e5 5. Nb5 d6 6. c4 a6 7. N5c3 f5 8. exf5 Bxf5 9. Bd3 Be6 10. Nd5 Nf6 11. Be3 Bxd5 12. cxd5 Ne7 13. Nc3 Qa5 14. 0-0 Nexd5 15. Nxd5 Qxd5 16. Bg5 Qe6 17. Bxf6 Qxf6 18. Qa4+ Kf7 19. f4 e4 20. Bxe4 g6 21. Rac1 Be7 22. Rc7 Kg7 23. Bxb7 Ra7 24. Re1 Qxb2 25. Rexe7+ Kh6 26. h3 Rxb7 27. Rxb7 Qc1+ 28. Kh2 Qxf4+ 29. Qxf4+ 1-0

[Event "Voronezh op-B 17th"]
[Site "Voronezh"]
[Date "2013.06.17"]
[Round "7"]
[White "Tkachenko, Evgeniy"]
[Black "Ajrapetian, Nikita"]
[Result "1-0"]
[WhiteElo "2242"]
[BlackElo "1922"]
[PlyCount "87"]
[EventDate "2013.06.12"]
[EventType "swiss"]
[EventRounds "9"]
[EventCountry "RUS"]
[SourceTitle "EXT 2014"]
[Source "ChessBase"]
[SourceDate "2013.11.20"]
[SourceVersion "1"]
[SourceVersionDate "2013.11.20"]
[SourceQuality "1"]

1. d4 d5 2. c4 c6 3. Nc3 Nf6 4. Nf3 Nbd7 5. e3 e6 6. Bd3 dxc4 7. Bxc4 b5 8. Be2 Bb7 9. e4 b4 10. e5 Nd5 11. Ne4 Be7 12. 0-0 0-0 13. Bg5 f6 14. exf6 N7xf6 15. Bxf6 Bxf6 16. Nc5 Bc8 17. Bc4 Qd6 18. Re1 Rb8 19. Qd2 a5 20. Ne4 Qc7 21. Nxf6+ gxf6 22. Bxd5 cxd5 23. Re3 Rf7 24. Rae1 Rb6 25. Rc1 Rc6 26. Ree1 Rc4 27. a3 Qd6 28. b3 Rcc7 29. axb4 Qxb4 30. Qf4 e5 31. Qg3+ Rg7 32. Rxc7 Rxg3 33. Rxc8+ Kg7 34. hxg3 e4 35. Rc7+ Kh6 36. Rec1 exf3 37. gxf3 Qxb3 38. Kg2 a4 39. Ra7 a3 40. Ra1 Qc3 41. R1xa3 Qxd4 42. Rd7 Kg6 43. Ra5 Qa1 44. Rxa1 1-0

[Event "Vladivostok-ch"]
[Site "Vladivostok"]
[Date "2008.03.23"]
[Round "2"]
[White "Tkachenko, Evgeniy"]
[Black "Kravtsov, Sergey"]
[Result "0-1"]
[WhiteElo "2283"]
[BlackElo "2396"]
[PlyCount "112"]
[EventDate "2008.03.22"]
[EventType "tourn"]
[EventRounds "7"]
[EventCountry "RUS"]
[EventCategory "4"]
[SourceTitle "EXT 2022"]
[Source "ChessBase"]
[SourceDate "2021.10.06"]
[SourceVersion "1"]
[SourceVersionDate "2021.10.06"]
[SourceQuality "1"]

1. d4 Nf6 2. c4 c5 3. d5 b5 4. cxb5 a6 5. b6 Qxb6 6. Nc3 g6 7. a4 Bg7 8. a5 Qc7 9. e4 d6 10. f4 0-0 11. Nf3 Bg4 12. Bc4 Nbd7 13. 0-0 Rfb8 14. Qe2 Rb4 15. Ra3 Qa7 16. e5 Ne8 17. e6 fxe6 18. dxe6 Ndf6 19. Ba2 Nc7 20. h3 Bf5 21. Ng5 Qb7 22. Rd1 Nb5 23. g4 Nd4 24. Rxd4 cxd4 25. gxf5 dxc3 26. bxc3 Rb1 27. Qc2 Rxc1+ 28. Qxc1 h6 29. Nf7 gxf5 30. Qe3 Qb2 31. Ra4 Qa1+ 32. Kg2 Rb8 33. Kg3 Ne4+ 34. Rxe4 fxe4 35. Qxe4 Qxc3+ 36. Kg4 h5+ 37. Kh4 Bf6+ 38. Ng5 Bxg5+ 39. Kxg5 Qg3+ 40. Kh6 Qg7+ 41. Kxh5 Rb5+ 42. f5 Rxa5 43. Bb1 Kh7 44. Qb4 Re5 45. Kh4 Qh6+ 46. Kg4 Qg7+ 47. Kf4 Kh6 48. Kf3 Qg5 49. Qd4 a5 50. h4 Qh5+ 51. Kg3 Kg7 52. Qa7 Kf6 53. Qa8 Re3+ 54. Kf4 Qh6+ 55. Kg4 Qg7+ 56. Kh5 Rg3 0-1

[Event "RUS Summer U16 2nd"]
[Site "Satka"]
[Date "2005.06.27"]
[Round "1"]
[White "Tkachenko, Evgeniy"]
[Black "Lanin, Alexsej"]
[Result "0-1"]
[WhiteElo "2263"]
[BlackElo "2407"]
[PlyCount "70"]
[EventDate "2005.06.27"]
[EventType "swiss"]
[EventRounds "9"]
[EventCountry "RUS"]
[SourceTitle "CBM 107 Extra"]
[Source "ChessBase"]
[SourceDate "2005.09.01"]
[SourceVersion "1"]
[SourceVersionDate "2005.09.01"]
[SourceQuality "1"]

1. d4 Nf6 2. c4 e6 3. Nc3 Bb4 4. f3 d5 5. a3 Bxc3+ 6. bxc3 c5 7. cxd5 Nxd5 8. dxc5 Qa5 9. e4 Nf6 10. Be3 0-0 11. Qb3 Nfd7 12. Nh3 Qc7 13. Qc4 Ne5 14. Qb5 Na6 15. Rb1 Bd7 16. c6 Bxc6 17. Qb3 Qa5 18. Nf2 Ba4 19. Qb2 Rac8 20. f4 Nc4 21. Bxc4 Rxc4 22. 0-0 Nc5 23. Bd4 Nb3 24. Qe2 Rfc8 25. Be5 f6 26. Bd6 Qb6 27. e5 Rxf4 28. Kh1 Bb5 29. Nd3 Rxf1+ 30. Rxf1 f5 31. a4 Bc4 32. Rb1 Qa6 33. Qh5 Bxd3 34. Rxb3 Bc2 35. Rb5 Qxa4 0-1